| 000 | 00548nam a2200193Ia 4500 | ||
|---|---|---|---|
| 005 | 20250508152049.0 | ||
| 008 | 008 250505s9999 xx 000 0 eng d | ||
| 037 | _aBooks to be hide in OPAC | ||
| 040 |
_aFEDL _beng _cFEDL |
||
| 041 |
_aeng _2eng |
||
| 084 |
_a750, ELL/O _qFEDL |
||
| 100 |
_aEllsworth Maud _9760671 |
||
| 245 | 0 | _aGrowing with art. Book 1 | |
| 260 |
_aChicago _bBenj. H. Sanborn and Co. _c1950 |
||
| 300 | _a64p. | ||
| 700 |
_a Andrews Michael F _9760672 |
||
| 942 |
_cHB _h750, ELL/O |
||
| 999 |
_c1334019 _d1334019 |
||